| 000 | 005910000a22001810004500 | ||
|---|---|---|---|
| 090 |
_aAR _b00342 |
||
| 245 | 1 | 0 | _aNote on campylopterus excellens in Southern Veracruz, With a guide to sexing captured individuals |
| 650 | 1 | 4 |
_aAves _992429 |
| 650 | 1 | 4 |
_aEndemismo _948559 |
| 650 | 1 | 4 |
_aBiología _992 |
| 650 | 1 | 4 |
_aReproducción animal _987770 |
| 651 | 4 |
_lIstmo de Tehuantepec _pMéxico _992749 |
|
| 653 |
_gCampylopterus _eCampylopterus excellens |
||
| 041 | 0 | _aInglés | |
| 100 | 1 |
_aWinker, Kevin _993131 |
|
| 942 | _cARTICULO | ||
| 773 | 1 |
_tJournal Field Ornithology _3130 _h3 _q339-343 _d1992 _g63 |
|
| 999 |
_c9440 _d9440 |
||